00682nam a22002177a 450000500170000001000150001702000260003203500140005803700130007208200120008524500790009726000410017627001180021730000250033550000190036070000160037970000180039570000190041370000160043270000160044820191210115432.0 aENG-127046 c959.00a9789353062859 aEN-110578 bDBAD/PUB a005.432 aUnix and linux system administration handbook /cby Evi Nemeth ...[et al]  aNoidabPearson India Educationc2020 a15th Floor, Tower-B, World Trade Tower, Plot No.1, Block-C, Sector 16bNoida, Uttar Pradeshe201301k044-66540100 axlvi;1084c23cm(pbk) aIncludes index aNemeth, Evi aSnyder, Garth aHein, Trent R. aWhaley, Ben aMackin, Dan